Pokémon- Les tiers stratégiques (Smogon University) - Statistiques

Statistiques générales
  • Ce quiz a été pris 117 fois
  • Le résultat moyen est 7 sur 10
Statistiques - réponses
Tiers stratégiques % Correct
Over Used
99%
Under Used
96%
Never Used
95%
Uber
94%
Rarely Used
90%
Little Cup
76%
Anything goes
71%
PU
70%
Not Fully Evolved
19%
Limbo
0%
Aucun quiz correspondant
Distribution des résultats
% des personnes avec chaque résultat
Percentile par nombre de réponses
Votre historique - résultats
Vous n’avez pas pris ce quiz